书目信息 |
| 题名: |
颜氏家训
|
|
| 作者: | 颜之推著 , 杨世文解读 | |
| 分册: | ||
| 出版信息: | 北京 中国国家图书馆出版社 2023.12 |
|
| 页数: | 365页 | |
| 开本: | 20cm | |
| 丛书名: | ||
| 单 册: | ||
| 中图分类: | Z121 | |
| 科图分类: | ||
| 主题词: | 丛书--中国 | |
| 电子资源: | ||
| ISBN: | 978-7-5013-6973-7 | |
| 000 | 00636nam0 2200193 450 | |
| 001 | 202512109288962124 | |
| 005 | 20251210105616.84 | |
| 010 | @a978-7-5013-6973-7@d75 | |
| 100 | @a20251210d km y0chiy0120 ea | |
| 101 | 0 | @achi |
| 200 | 1 | @a颜氏家训@AYan Shi Jia Xun@f颜之推著,杨世文解读@FYan Zhi Tui Zhu,Yang Shi Wen Jie Du |
| 210 | @a北京@c中国国家图书馆出版社@d2023.12 | |
| 215 | @a365页@d20cm | |
| 606 | 0 | @a丛书@x中国 |
| 690 | @aZ121@v4 | |
| 701 | 0 | @a颜之推著@AYan Zhi Tui Zhu |
| 701 | 0 | @a杨世文解读@AYang Shi Wen Jie Du |
| 801 | 0 | @aCN@b大连网信软件有限公司图书馆·11@c20251210 |
| 905 | @aZUCC@b1440159@dZ121@e3530:62@f214401592 | |
| 颜氏家训/颜之推著,杨世文解读.-北京:中国国家图书馆出版社,2023.12 |
| 365页;20cm |
| ISBN 978-7-5013-6973-7:75 |
| ● |
| 相关链接 |
|
|
|
|
正题名:颜氏家训
索取号:Z121/3530:62
 
预约/预借
| 序号 | 登录号 | 条形码 | 馆藏地/架位号 | 状态 | 备注 |
| 1 | 1440159 | 214401592 | 第二样本阅览室/ [索取号:Z121/3530:62] | 在馆 |